| 000 | 00599cam a22002411 4500 | ||
|---|---|---|---|
| 001 | sa 66002628 | ||
| 003 | DLC | ||
| 005 | 20260227112231.0 | ||
| 008 | 900221s1963 ii 000 0 sano | ||
| 010 | _asa 66002628 | ||
| 035 | _a(OCoLC)21104966 | ||
| 040 |
_aDLC _cWaU _dDLC |
||
| 041 | 0 | _asanhin | |
| 042 | _apremarc | ||
| 050 | 0 | 0 |
_aPK3791.B4 _bC3 1963 |
| 100 | 0 | _aBhāsa. | |
| 245 | 1 | 0 | _aCārudattam. |
| 260 | _c[1963] | ||
| 300 |
_a39, 179 p. _c18 cm. |
||
| 500 | _aHindi and Sanskrit; introductory matter in Hindi. | ||
| 500 | _aA play. | ||
| 700 | 1 |
_aTripathi, Chandrabhanu, _d1925- |
|
| 999 |
_c68495 _d68495 |
||